000 01237cab a22002055a 4500
001 L140058
008 070903e20070823xxk f 000 0 eng d
035 _a(Sirsi) u140058
041 0 _aeng
100 1 _aAbas, Madeleine
245 0 0 _aBe prepared for the new regulations
260 _c2007
490 0 _aConstruction News
_v(7032) 23 August 2007, 26-27(2)
520 _aDiscusses the scope of the Regulatory Enforcement and Sanctions Bill and considers how it will affect health and safety breaches in the construction industry. The Bill, which is expected to be prioritised by government and become law in April 2008, will bring in a new regime that will exist outside the criminal court system, but will allow fines to be imposed or certain action taken for technical breaches of health and safety regulations. Outlines key changes that the Bill would introduce, including the new powers of regulators to shut down sites on a permanent or temporary basis, on the spot fines for minor or technical breaches on site, and offending companies to be put on probation.
590 _aKA
650 2 4 _aREGULATORY ENFORCEMENT AND SANCTIONS BILL 2007
651 4 _aUnited Kingdom
_y
690 _aHealth and safety
_96244
942 _n0
999 _c79174
_d79174